[Event "30/move"]
[Site "?"]
[Date "2006.03.31"]
[Round "15"]
[White "Mephisto Modena"]
[Black "Mephisto Miami"]
[Result "0-1"]
[WhiteElo "1983"]
[BlackElo "1966"]
[PlyCount "76"]
[EventDate "2006.03.31"]
[EventType "tourn (rapid)"]
[EventRounds "20"]
[EventCountry "NED"]
[SourceDate "2006.03.12"]

1. Nf3 Nf6 2. d4 d5 3. c4 e6 4. Bg5 Be7 {Miami letzter Buchzug} 5. Nc3 O-O 6.
e3 Nbd7 7. Qc2 {Modena letzter Buchzug} h6 8. Bf4 c5 9. cxd5 ({RR} 9. dxc5 Nxc5
10. Be2 dxc4 11. Bxc4 a6 12. a4 b6 13. O-O Bb7 14. Rfd1 Qe8 15. Ne5 Rd8 16.
Rxd8 Qxd8 17. Rd1 Qc8 18. f3 Rd8 19. Rxd8+ Qxd8 20. e4 Nfd7 21. Qd2 Qc8 22.
Nxd7 Nxd7 23. Be2 Bb4 {
Vladimirov,E-Onischuk,A/Tomsk 2001/CBM 82 ext/1/2-1/2 (53)}) 9... Nxd5 10. Nxd5
exd5 11. Bd3 $146 ({RR} 11. Be2 cxd4 12. exd4 Bb4+ 13. Bd2 Bd6 ({RR} 13...
Bxd2+ 14. Qxd2 Nf6 15. O-O Bg4 16. Rfe1 Qd6 17. Ne5 Bxe2 18. Rxe2 b6 19. Rc1
Rac8 20. Qd1 Nd7 21. Nf3 Rfe8 22. Rxe8+ Rxe8 23. Qc2 Nf6 24. Ne5 Qb4 25. Qc3
Qxc3 26. Rxc3 Re7 27. Rc8+ Kh7 28. f3 {
Foltys,J-Pirc,V/Karlovy Vary 1948/MCD/1-0 (57)}) 14. O-O Re8 15. Rfe1 Nf6 16.
Bd3 Be6 17. Qa4 a6 18. Bb4 b5 19. Qa3 Bc7 20. Ne5 a5 21. Bc5 Qb8 22. h3 Qb7 23.
Qb3 Reb8 24. Qc2 Re8 25. Qe2 Rab8 {
Bezold,M-Lengyel,B/Budapest 1993/CBM 36 ext/1/2-1/2 (63)}) ({RR} 11. dxc5 Nxc5
12. Be5 ({RR} 12. Be2 Qa5+ 13. Kf1 Bd7 14. Be5 Rfe8 15. Qd2 {
1/2-1/2 Nikolaevsky,Y-Korelov,A/Leningrad 1962/MCD}) 12... Bg4 13. Be2 Rc8 14.
O-O Nd7 15. Bc3 Bb4 16. Qa4 Bxc3 17. Qxg4 Bf6 18. Bd3 Nc5 19. Bf5 Rc6 20. Nd4
Rb6 21. Rac1 Bxd4 22. Qxd4 Ne6 23. Qe5 g6 24. Bc2 Qd6 25. Qf6 Qd8 {
Teske,H-Baumgartner,H/Austria 2001/CBM 81 ext/1-0 (43)}) 11... cxd4 12. Nxd4
Qa5+ 13. Kf1 Bf6 14. Kg1 Ne5 15. Nb3 Qb6 16. Bxe5 Bxe5 17. Rc1 Bg4 18. h3 Rfc8
19. Qb1 Rxc1+ 20. Nxc1 Be6 21. Nb3 a5 22. Qc2 Rc8 23. Qd2 a4 24. Nd4 Bd7 25. a3
Rc7 26. Be2 Qc5 27. Bf1 Qc1 28. Qb4 Qb1 29. f4 Bxd4 30. exd4 Rc1 31. Kf2 Rc2+
32. Kg1 Qc1 33. Qe7 Bb5 34. Qd8+ Kh7 35. Qg8+ Kxg8 36. Kh2 Qxf4+ 37. Kg1 Qxf1+
{# in 2} 38. Kh2 Rxg2# {??:?? - 13:29} 0-1

[Event "30/move"]
[Site "?"]
[Date "2006.03.31"]
[Round "16"]
[White "Mephisto Miami"]
[Black "Mephisto Modena"]
[Result "1/2-1/2"]
[WhiteElo "1966"]
[BlackElo "1983"]
[PlyCount "260"]
[EventDate "2006.03.31"]
[EventType "tourn (rapid)"]
[EventRounds "20"]
[EventCountry "NED"]
[SourceDate "2006.03.12"]

1. e4 e5 2. Nf3 Nc6 3. Bb5 a6 4. Ba4 Nf6 5. O-O Be7 6. Re1 b5 7. Bb3 O-O 8. c3
d6 9. h3 {Miami letzter Buchzug} h6 10. d4 Re8 {Modena letzter Buchzug} 11. a4
bxa4 $146 ({RR} 11... Rb8 12. Nbd2 ({RR} 12. axb5 axb5 13. d5 Bb7 14. dxc6 Bxc6
15. Qc2 Bf8 16. Nbd2 Nh5 17. Nf1 Qf6 18. Qd3 Be7 19. Ra7 Bd8 20. Ng3 Nf4 21.
Bxf4 exf4 22. Nf5 Rb6 23. e5 dxe5 24. Rxe5 Rf8 25. N5d4 Bb7 26. Rxb5 Bc8 {
Paramonov,D-Tarasov,M/St Petersburg 2000/CBM 76/1-0 (41)}) 12... Bf8 13. Bc2
Bd7 14. axb5 axb5 15. Nf1 b4 16. d5 Ne7 17. c4 c5 18. Ng3 Ng6 19. Ba4 Bxa4 20.
Rxa4 Qd7 21. Bd2 Ra8 22. Ra1 Ra7 23. Qc2 Rea8 24. Rxa7 Rxa7 25. Nf5 Ra2 26. Qb1
{Pacheco Silvestre,K-Lopez Gasson,E/Hermosillo 2001/EXT 2003/0-1 (54)}) ({RR} 
11... Bd7 12. axb5 axb5 13. Rxa8 Qxa8 14. Na3 Qb7 15. Qd3 b4 16. cxb4 Nxb4 17.
Qd1 Nc6 18. dxe5 Nxe5 19. Nxe5 dxe5 20. Qc2 Bb4 21. Rd1 Be6 22. Bxe6 Rxe6 23.
f3 Qb6+ 24. Kh2 Bc5 25. Nc4 Qa7 26. Qe2 {
Shirov,A-Beliavsky,A/Berlin 1996/CBM 55/1/2-1/2 (47)}) 12. Bxa4 Bd7 13. b3 exd4
14. cxd4 d5 15. Ne5 Nxe5 16. dxe5 Bb4 17. exf6 Bxe1 18. Qxe1 Rxe4 19. Qa5 Bxa4
20. Rxa4 Rxa4 21. bxa4 c6 22. Qxd8+ Rxd8 23. fxg7 Kxg7 24. Ba3 d4 25. Nd2 Kf6
26. Bc5 Rd5 27. Bb4 a5 28. Bc5 Kg6 29. Bb6 d3 30. Be3 h5 31. Nc4 c5 32. Kf1 f5
33. g3 f4 34. gxf4 Kf5 35. Ke1 Ke4 36. Ne5 d2+ 37. Bxd2 Rd4 38. Ke2 Kf5 39. Nc6
Re4+ 40. Kf3 Rxa4 41. Nxa5 c4 42. Nb7 Ra3+ 43. Be3 Ra6 44. Nc5 Rc6 45. Ke2 Rd6
46. f3 c3 47. Ne4 Rc6 48. Bc1 c2 49. Kd3 h4 50. Nc3 Rg6 51. Ne2 Rg2 52. Nd4+
Kf6 53. Bb2 Rf2 54. Nxc2+ Kf7 55. f5 Rxf3+ 56. Ne3 Rxh3 57. Be5 Rh1 58. Ng4 Re1
59. Bc3 Rf1 60. Nh6+ Ke8 61. Ke2 Rf4 62. Ke3 Rf1 63. f6 h3 64. Ng4 Kf7 65. Bb2
Rb1 66. Bd4 Ke6 67. Kf4 Rb3 68. Bc5 Rc3 69. Be3 Rc4+ 70. Kg3 Rxg4+ 71. Kxh3 Rb4
72. Bg5 Kf7 73. Bh4 Kg6 74. Kg3 Re4 75. Kh3 Rf4 76. Kg3 Kf5 77. Kh3 Rf3+ 78.
Kg2 Kg4 79. Bg5 Rf5 80. Be3 Rxf6 81. Bd2 Rf3 82. Bh6 Rh3 83. Bg7 Rd3 84. Kf2
Kf4 85. Ke2 Ke4 86. Bb2 Rd6 87. Bc1 Rg6 88. Kd2 Rg3 89. Bb2 Rg2+ 90. Kc3 Re2
91. Bc1 Rh2 92. Bb2 Kd5 93. Ba1 Ra2 94. Bb2 Kc5 95. Kb3 Ra7 96. Kc3 Rb7 97. Kc2
Kc4 98. Bf6 Rf7 99. Bh4 Rf4 100. Be1 Rf3 101. Kd2 Kd5 102. Bh4 Ke5 103. Ke2 Kf4
104. Bf6 Ke4 105. Bb2 Rf7 106. Kd2 Rf2+ 107. Kc3 Kd5 108. Ba1 Rf1 109. Bb2 Ke4
110. Kd2 Rg1 111. Kc3 Rb1 112. Ba3 Kd5 113. Kd2 Kd4 114. Bc1 Rb3 115. Ke2 Rd3
116. Bb2+ Ke4 117. Bc1 Rb3 118. Kd2 Ke5 119. Ke2 Kd4 120. Kd2 Ke4 121. Kc2 Rd3
122. Bb2 Rf3 123. Kd2 Rg3 124. Kc2 Kd5 125. Kd2 Ke6 126. Bd4 Kf5 127. Bf2 Rf3
128. Bd4 Ke4 129. Bb2 Rf2+ 130. Kc3 Kd5 {Remis wg. 50-Züge-Regel (wird von
Modena nicht erkannt, lediglich die eigene Uhr bleibt stehen), 64:23 - ??:??}
1/2-1/2

[Event "30/move"]
[Site "?"]
[Date "2006.03.31"]
[Round "17"]
[White "Mephisto Modena"]
[Black "Mephisto Miami"]
[Result "1-0"]
[WhiteElo "1983"]
[BlackElo "1966"]
[PlyCount "115"]
[EventDate "2006.03.31"]
[EventType "tourn (rapid)"]
[EventRounds "20"]
[EventCountry "NED"]
[SourceDate "2006.03.12"]

1. c4 c5 2. Nc3 Nc6 3. Nf3 Nf6 4. g3 d5 5. cxd5 Nxd5 {Miami letzter Buchzug} 6.
Bg2 {Modena letzter Buchzug} e6 7. d3 ({RR} 7. a3 Be7 8. Rb1 O-O 9. d3 b6 10.
O-O Bb7 11. Ne4 Qd7 12. Bd2 Rfd8 13. Qc2 Rac8 14. Rfc1 Nf6 15. Nc3 Nd4 16. Ne5
Qc7 17. Qd1 Bxg2 18. Kxg2 Qxe5 19. Bf4 Qh5 20. e3 Nc6 21. Nb5 e5 {
Schumacher,U-Rapatinski,K/Wuerzburg 1995/EXT 2000/0-1 (32)}) 7... b6 $146 ({RR
} 7... Be7 8. a3 O-O 9. O-O Bf6 10. Bd2 Nd4 11. Nxd4 cxd4 12. Nxd5 exd5 13. Qb3
Be6 14. Qxb7 Rb8 15. Qxa7 Rxb2 16. Bb4 Re8 17. Bf3 Qd7 18. Qxd7 Bxd7 19. Bxd5
Rexe2 20. Be4 Bh3 21. Rac1 g6 22. Bg2 {
Garcia Fernandez,O-Manrique Garcia,D/Gijon 1999/EXT 2001/1/2-1/2 (44)}) ({RR} 
7... h6 8. Bd2 Be7 9. Rc1 O-O 10. O-O b6 11. Qc2 Bb7 12. a3 Nxc3 13. bxc3 Rc8
14. c4 Bf6 15. Rb1 Ba8 16. a4 Nd4 17. Nxd4 Bxd4 18. a5 Bxg2 19. Kxg2 Be5 20.
axb6 axb6 21. Rb3 Rc6 22. Ra3 {Opocensky,K-Von Patay,J/Vienna 1923/HCL/1-0 (60)
}) 8. Bg5 Be7 9. Bxe7 Qxe7 10. Nd2 Ncb4 11. O-O O-O 12. a3 Nxc3 13. bxc3 Nd5
14. Qc2 Rb8 15. Ne4 Bb7 16. c4 Nf6 17. Nxf6+ Qxf6 18. Bxb7 Rxb7 19. Rfb1 Rd7
20. a4 Rb8 21. a5 Rdb7 22. Qa4 b5 23. Rxb5 Rxb5 24. cxb5 Qb2 25. b6 axb6 26. a6
b5 27. Qa5 Ra8 28. Kg2 b4 29. a7 Qe5 30. Qb6 h6 31. Ra5 Kh7 32. Rxc5 Qd4 33.
Qb7 Qd8 34. Qxf7 Qd4 35. Rc7 b3 36. Qxe6 b2 37. Qf5+ Kh8 38. Rc8+ Qd8 39. Rxd8+
Rxd8 40. Qb5 Kg8 41. Qb8 Rf8 42. a8=Q Rxb8 43. Qxb8+ Kf7 44. Qxb2 Kg8 45. e4
Kf7 46. d4 Ke8 47. d5 Kd7 48. Qxg7+ Kd6 49. Qxh6+ Kc7 50. h4 Kd8 51. Qe6 Kc7
52. h5 Kd8 53. h6 Kc7 54. h7 Kb7 55. Qc6+ Ka7 56. d6 Kb8 57. Qc7+ Ka8 58. h8=Q#
{??:?? - 26:16} 1-0

[Event "30/move"]
[Site "?"]
[Date "2006.03.31"]
[Round "18"]
[White "Mephisto Miami"]
[Black "Mephisto Modena"]
[Result "1/2-1/2"]
[WhiteElo "1966"]
[BlackElo "1983"]
[PlyCount "129"]
[EventDate "2006.03.31"]
[EventType "tourn (rapid)"]
[EventRounds "20"]
[EventCountry "NED"]
[SourceDate "2006.03.12"]

1. d4 f5 2. Bg5 Nf6 3. Bxf6 exf6 4. c4 d5 5. e3 {Miami letzter Buchzug} c6 {
Modena letzter Buchzug} 6. cxd5 ({RR} 6. Nc3 Be6 7. cxd5 cxd5 8. Qb3 Qd7 9.
Nge2 g5 10. g3 Nc6 11. Bg2 Rd8 12. Rc1 Be7 13. a3 Kf7 14. h4 Kg7 15. Rc2 Na5
16. Qb5 Nc6 17. f4 Rc8 18. Kf2 Ne5 19. dxe5 Qxb5 20. Nxb5 Rxc2 {
Ricardi,P-Rodriguez,A/Villa Martelli 1997/CBM 60/1-0 (51)}) 6... Qxd5 7. Qa4
$146 ({RR} 7. Nc3 Qa5 ({RR} 7... Qf7 8. Bd3 Be6 9. Nge2 Bd6 10. Qc2 g6 11. h3
O-O 12. g4 fxg4 13. hxg4 Bxg4 14. O-O-O Be6 15. Ne4 Be7 16. Nf4 Bd5 17. Rdg1 f5
18. f3 Nd7 19. Rh6 fxe4 20. fxe4 Rfc8 21. Nxg6 hxg6 22. Rgxg6+ {
Wells,P-Ledger,D/Portsmouth 2003/EXT 2004/1-0 (50)}) ({RR} 7... Bb4 8. Nge2 O-O
9. a3 Bxc3+ 10. Nxc3 Qd6 11. Qf3 Re8 12. Be2 Be6 13. O-O Nd7 14. b4 g6 15. Rfc1
Nb6 16. Qg3 Qxg3 17. hxg3 Rac8 18. a4 Kf7 19. a5 Nd5 20. Nxd5 Bxd5 21. Rc3 Ke6
22. g4 {Walzl,M-Jancar,E/Austria 1996/EXT 99/1-0 (54)}) 8. Bd3 Bd6 9. Qb3 Na6
10. Rc1 Nb4 11. Bb1 Bd7 12. Nge2 g5 13. O-O h5 14. a3 Na6 15. Ba2 Rf8 16. f4
O-O-O 17. Nb5 Bb8 18. Qd3 Rde8 19. Rc2 Re7 20. b4 Qb6 21. Nec3 Kd8 {
Urbanek,S-Svoboda,M/Klatovy 1996/EXT 98/0-1}) 7... Qf7 8. Nf3 Be6 9. Bd3 Bd6
10. O-O O-O 11. Rd1 Nd7 12. Nc3 Rfe8 13. Qa5 b6 14. Qa4 b5 15. Qc2 g6 16. e4 b4
17. exf5 Bxf5 18. Bxf5 bxc3 19. Bd3 c5 20. b3 Nb6 21. dxc5 Bxc5 22. Qxc3 Rac8
23. Qd2 Red8 24. Rac1 Qe7 25. h3 f5 26. Qe1 Qxe1+ 27. Nxe1 Kg7 28. Ba6 Rxd1 29.
Rxd1 Rc7 30. Kf1 Kf6 31. Nf3 h6 32. Bb5 Nc8 33. Rd5 Nd6 34. Bd3 Ke6 35. Re5+
Kf6 36. Ke1 Nf7 37. Re8 Bb4+ 38. Ke2 Nd6 39. Rf8+ Ke6 40. Rh8 h5 41. Rg8 Re7
42. Kd1 Kf6 43. Nh4 Rg7 44. Rxg7 Kxg7 45. Nf3 Kf6 46. Ke2 Ke6 47. g3 Bc5 48.
Nh4 g5 49. Ng2 Ne4 50. Bxe4 fxe4 51. f4 exf3+ 52. Kxf3 Ke5 53. Ne3 Kd4 54. Nf5+
Kc3 55. h4 gxh4 56. gxh4 Kb2 57. Ke4 Kxa2 58. Kd5 Bf2 59. Kc4 Ka3 60. Ng7 Bxh4
61. Nxh5 a5 62. Nf4 Bf6 63. Nd5 Be5 64. b4 axb4 65. Nxb4 {Remis, da kein
Material zum Mattsetzen (wird von beiden Computern nicht erkannt), 30:06 - ??:
??} 1/2-1/2

[Event "30/move"]
[Site "?"]
[Date "2006.03.31"]
[Round "19"]
[White "Mephisto Modena"]
[Black "Mephisto Miami"]
[Result "0-1"]
[WhiteElo "1983"]
[BlackElo "1966"]
[PlyCount "58"]
[EventDate "2006.03.31"]
[EventType "tourn (rapid)"]
[EventRounds "20"]
[EventCountry "NED"]
[SourceDate "2006.03.12"]

1. c4 e5 2. Nc3 Nf6 3. g3 d5 4. cxd5 Nxd5 5. Bg2 {Modena letzter Buchzug} Nb6 {
Miami letzter Buchzug} 6. Nf3 Nc6 7. d3 Bb4 $146 ({RR} 7... Be7 8. a3 g5 ({RR} 
8... f5 9. Be3 O-O 10. b4 Bf6 11. Rc1 Nd4 12. O-O Be6 13. Bxd4 exd4 14. Na4
Nxa4 15. Qxa4 c6 16. b5 cxb5 17. Qxb5 Qe7 18. a4 Rad8 19. e3 dxe3 20. fxe3 Bd5
21. Rfe1 Bc6 22. Qc4+ Qf7 23. Nd4 {
Van Hoolandt,P-Van Mil,J/Caorle 1981/EXT 99/1/2-1/2 (52)}) 9. h3 f5 10. Be3 Bf6
11. Bxb6 axb6 12. Qb3 Na5 13. Qd5 Qe7 14. h4 c6 15. Qa2 Be6 16. Qb1 gxh4 17.
Nxh4 Nb3 18. Ra2 Nd4 19. e3 Bxa2 20. Qxa2 Bxh4 21. Rxh4 Ne6 22. Rh6 {
Pedersen,K-Bromann,T/Dianalund 2000/EXT 2001/0-1 (32)}) 8. a3 Be7 9. b4 O-O 10.
b5 Nd4 11. Nxe5 Bf6 12. e3 Bxe5 13. exd4 Bxd4 14. Bb2 Re8+ 15. Kf1 a6 16. bxa6
Rxa6 17. Kg1 Bxf2+ 18. Kxf2 Qd4+ 19. Kf1 Nc4 20. Nd5 Nxb2 21. Qb3 Bg4 22. Qc2
Be2+ 23. Qxe2 Rxe2 24. Kxe2 Re6+ 25. Be4 {Modena gibt auf} Nxd3 26. Nb4 Rxe4+
27. Kf3 Ne5+ 28. Kg2 Re2+ 29. Kf1 Qf2# {??:?? - 07:03} 0-1

[Event "30/move"]
[Site "?"]
[Date "2006.03.31"]
[Round "20"]
[White "Mephisto Miami"]
[Black "Mephisto Modena"]
[Result "1-0"]
[WhiteElo "1966"]
[BlackElo "1983"]
[PlyCount "246"]
[EventDate "2006.03.31"]
[EventType "tourn (rapid)"]
[EventRounds "20"]
[EventCountry "NED"]
[SourceDate "2006.03.12"]

1. e4 c6 2. d4 d5 3. Nc3 dxe4 4. Nxe4 Nd7 5. Nf3 Ngf6 6. Ng3 {
Miami letzter Buchzug} e6 7. Bd3 c5 8. O-O cxd4 9. Nxd4 Bc5 {
Modena letzter Buchzug} 10. Nb3 O-O ({RR} 10... Bb6 11. Qe2 O-O 12. a4 a5 13.
Nd2 Nc5 14. Bc4 Bd7 15. Nde4 Ncxe4 16. Nxe4 Nxe4 17. Qxe4 Bc6 18. Qe2 Rc8 19.
Ra3 Qd4 20. Bb5 Rfd8 21. Bxc6 Rxc6 22. c3 Qf6 23. Rb3 Rcd6 24. Rb5 h6 25. g3 {
Heinrich,M-Gospodinow,N/Germany 2002/EXT 2002/1/2-1/2}) 11. Bg5 ({RR} 11. Nh5
Be7 12. Re1 g6 13. Nxf6+ Bxf6 14. Qe2 Bg7 15. c3 Qc7 16. Qe4 e5 17. Qh4 Nb6 18.
Bh6 {1/2-1/2 Aseev,K-Kharitonov,A/Frunze 1988/TD}) 11... Be7 12. Re1 h6 $146 ({
RR} 12... Nd5 13. Bxe7 Qxe7 14. Qf3 Qf6 15. Qe4 Qh6 16. Rad1 N7f6 17. Qc4 Bd7
18. Ne4 Ng4 19. h3 Ne5 20. Qd4 Nc6 21. Qc5 Rfd8 22. Nc3 Nxc3 23. Qxc3 Ne7 24.
Qc7 Qg5 25. Bxh7+ Kxh7 26. Rxd7 Rac8 27. Qxb7 {
Tangelder,Y-Wolbers,J/Hengelo 1996/EXT 2001/0-1 (38)}) 13. Bd2 Re8 14. Qf3 a5
15. Rad1 a4 16. Nd4 a3 17. b3 Bc5 18. c3 e5 19. Ndf5 Qc7 20. Ne4 Nxe4 21. Bxe4
Nb6 22. Qg4 Bxf5 23. Qxf5 Kf8 24. Qh7 Nd7 25. Qh8+ Ke7 26. Qxg7 Qb6 27. Qg3 h5
28. Bf5 Bd6 29. Bg5+ f6 30. Bxf6+ Nxf6 31. Qg7+ Kd8 32. Qxf6+ Kc7 {
Modena gibt auf} 33. Qf7+ Re7 34. Qxh5 Rf8 35. h4 Ref7 36. g4 Bc5 37. Rd2 Qf6
38. Red1 Kb8 39. Qg5 Qc6 40. Rd8+ Ka7 41. Rxf8 Rxf8 42. h5 Qf3 43. Rd2 Qxc3 44.
Rc2 Qg3+ 45. Kf1 Qh3+ 46. Ke1 Qh1+ 47. Ke2 Qc6 48. h6 Qb5+ 49. Rc4 e4 50. h7 e3
51. fxe3 Bd6 52. e4 Qe5 53. Qe3+ Kb8 54. g5 Qh2+ 55. Kf1 Qxa2 56. g6 Qb1+ 57.
Ke2 Qh1 58. Ra4 Qh5+ 59. Kd2 Qh2+ 60. Kd3 Rd8 61. Qa7+ Kc7 62. Qa5+ b6 63. Qa7+
Kc6 64. Bd7+ Rxd7 {Modena gibt erneut auf} 65. Qa8+ Rb7 66. Qc8+ Rc7 67. Qe8+
Rd7 68. g7 Qg3+ 69. Ke2 Qg4+ 70. Kf1 Qf3+ 71. Kg1 Qe3+ 72. Kg2 Qg5+ 73. Kf3
Qf4+ 74. Ke2 Qg4+ 75. Kf1 Qd1+ 76. Kf2 Bc5+ 77. Kg3 Qxb3+ 78. Kg2 Qc2+ 79. Kh3
Qc3+ 80. Kh4 Bf2+ 81. Kg5 Qg3+ 82. Kf5 Qf3+ 83. Kg5 Be3+ 84. Kh4 Qf4+ 85. Kh3
Qh6+ 86. Kg4 Qxg7+ 87. Kf3 Qxh7 88. Kxe3 Qh6+ 89. Kf3 Qf6+ 90. Kg4 Qd8 91. Qxd8
Rxd8 92. Rxa3 b5 93. Rc3+ Kd6 94. Rd3+ Kc7 95. Rb3 Kb6 96. e5 Rd2 97. e6 Re2
98. Kf5 Kc5 99. Rc3+ Kd5 100. Rd3+ Kc4 101. Rd8 b4 102. Rc8+ Kd3 103. Rb8 Kc3
104. Rc8+ Kd4 105. Rd8+ Kc5 106. Rb8 Kd5 107. Rd8+ Kc6 108. Rb8 Kd6 109. Rd8+
Kc7 110. Rd3 Kc6 111. Kf6 Rf2+ 112. Kg7 b3 113. Rxb3 Kd6 114. Rb6+ Ke7 115. Kg6
Rf6+ 116. Kg5 Rxe6 117. Rb7+ {
typisch für Computer, denn die wollen kein schnelles Remis durch Turmtausch}
Kd6 118. Rb2 Ke5 119. Re2+ Kd5 120. Rd2+ Ke4 121. Re2+ Kd5 122. Rd2+ Ke4 123.
Re2+ Kd5 {Remis wg. 3-facher Zugwiederholung, jedoch Sieg für Miami durch
Modena's vorzeitige Aufgabe; 60:18 - ??:??} 1-0

[Event "30/move"]
[Site "?"]
[Date "2006.03.31"]
[Round "1"]
[White "Mephisto Milano Pro"]
[Black "Mephisto Milano"]
[Result "1-0"]
[WhiteElo "2124"]
[BlackElo "2010"]
[PlyCount "155"]
[EventDate "2006.03.31"]
[EventType "tourn (rapid)"]
[EventRounds "20"]
[EventCountry "NED"]
[SourceDate "2006.03.12"]

1. d4 d5 2. g3 e6 3. Bg2 Nf6 4. Nf3 {Milano Pro letzter Buchzug} Be7 5. O-O O-O
{Milano letzter Buchzug} 6. Bg5 h6 7. Bf4 ({RR} 7. Bxf6 Bxf6 8. Nbd2 c5 9. c3
cxd4 10. cxd4 Nc6 11. Nb3 b6 12. Re1 Bb7 13. e3 Qd6 14. Nc1 e5 15. dxe5 Nxe5
16. Nd4 Rfd8 17. Nce2 Rac8 18. Nf4 g6 19. h4 Bg7 20. h5 g5 21. Nfe2 Qf6 {
Fernandez Losada,D-Larino Nieto,D/Mondariz 2003/EXT 2004/0-1 (40)}) 7... c5 8.
dxc5 Nc6 $146 ({RR} 8... Na6 9. Bd6 Nxc5 10. Bxe7 Qxe7 11. Ne5 {
1/2-1/2 Zoltek,T-Schinzel,W/Lodz 1979/MCD}) 9. Bd6 Bxd6 10. cxd6 Qxd6 11. Nc3
e5 12. Re1 Bg4 13. e4 d4 14. a3 a6 15. Nd5 Rad8 16. c4 b5 17. cxb5 axb5 18. Qd3
Rb8 19. Rec1 Rfe8 20. h3 Bc8 21. Nd2 Re6 22. Rc2 Bd7 23. Rd1 Rb7 24. Nb3 Re8
25. Nc5 Rbb8 26. Nxf6+ gxf6 27. Nxd7 Qxd7 28. Rdc1 Rec8 29. Qd2 Kh7 30. f3 b4
31. axb4 Rb6 32. Rc5 Qb7 33. Kh1 Rb5 34. Rxb5 Qxb5 35. Bf1 Qb7 36. b5 Na7 37.
Rxc8 Nxc8 38. Kg2 Nd6 39. Bd3 Qb6 40. Qe2 Qc5 41. h4 Kg6 42. f4 Kh7 43. Kf3 Qc1
44. Kg4 Qc8+ 45. f5 Qb7 46. Kh5 Ne8 47. b4 Qb8 48. Bc2 Ng7+ 49. Kg4 Qb7 50. Bb3
Qd7 51. Qc4 d3 52. Qxf7 Qxf7 53. Bxf7 d2 54. Bb3 Ne8 55. Kf3 h5 56. Ke2 Nc7 57.
b6 Na6 58. b7 Nb8 59. Kxd2 Nd7 60. Bf7 Kh6 61. b5 Nb8 62. Kd3 Nd7 63. Kc4 Kg7
64. Bxh5 Nb8 65. Kd5 Kh6 {Milano gibt auf} 66. Kd6 Kxh5 67. Kc7 Kg4 68. Kxb8
Kxg3 69. Kc7 Kxh4 70. b8=Q Kg4 71. Qg8+ Kf4 72. b6 Kxe4 73. Qg4+ Kd3 74. b7 e4
75. b8=Q {# in 4} Kc3 76. Qg3+ Kd2 77. Qb2+ Kd1 78. Qg1# {34:07 - 36:59} 1-0

[Event "30/move"]
[Site "?"]
[Date "2006.03.31"]
[Round "2"]
[White "Mephisto Milano"]
[Black "Mephisto Milano Pro"]
[Result "0-1"]
[WhiteElo "2010"]
[BlackElo "2124"]
[PlyCount "86"]
[EventDate "2006.03.31"]
[EventType "tourn (rapid)"]
[EventRounds "20"]
[EventCountry "NED"]
[SourceDate "2006.03.12"]

1. e4 e5 2. Nf3 Nc6 3. Bb5 a6 4. Ba4 d6 5. c3 Bd7 6. d4 {Milano letzter Buchzug
} g6 {Milano Pro letzter Buchzug} 7. d5 Nce7 ({RR} 7... Nb8 8. c4 Bg7 9. Nc3
Ne7 10. h4 h5 11. Be3 O-O 12. Nd2 Bxa4 13. Nxa4 b5 14. Nc3 c6 15. Bg5 f6 16.
Be3 b4 17. Na4 c5 18. b3 Nd7 19. Nb2 a5 20. a4 f5 21. Bg5 Nf6 22. f3 {
Mortensen,E-Jussupow,A/Copenhagen 2003/CBM 95 ext/1/2-1/2}) 8. Bg5 $146 ({RR} 
8. c4 Bg7 ({RR} 8... Nf6 9. Nc3 Bg7 10. Bg5 ({RR} 10. Bxd7+ Qxd7 11. c5 O-O 12.
O-O Nh5 13. Be3 h6 14. Nd2 f5 15. f3 f4 16. Bf2 g5 17. Nc4 Nc8 18. cxd6 cxd6
19. Na4 Qf7 20. Nab6 Nxb6 21. Nxb6 Rae8 22. Rc1 Nf6 23. Kh1 h5 24. Qd3 g4 {
Luther,T-Riedel,F/Bad Zwesten 1998/EXT 2000/1-0 (49)}) 10... O-O 11. O-O h6 12.
Bxf6 Bxf6 13. Bxd7 Qxd7 14. b4 Bg7 15. c5 f5 16. Qb3 Rf7 17. Rfd1 Raf8 18. Rac1
Kh8 19. Nd2 h5 20. b5 Bh6 21. bxa6 bxa6 22. Rb1 fxe4 23. Ncxe4 {
Brodsky,M-Buturin,V/Koszalin 1998/CBM 65 ext/1-0 (38)}) 9. Nc3 h6 10. O-O f5
11. exf5 gxf5 12. Ne1 Nf6 13. f4 e4 14. Nc2 Bxa4 15. Nxa4 c5 16. dxc6 bxc6 17.
Nd4 Kf7 18. h3 c5 19. Nc2 Qc7 20. Ne3 h5 21. Nc3 Qc6 22. Qc2 Rh6 {
Krakops,M-Zoler,D/Werfen 1995/EXT 97/1/2-1/2 (56)}) 8... Bg7 9. Bxd7+ Qxd7 10.
O-O f5 11. exf5 Nxf5 12. c4 h6 13. Bd2 e4 14. Re1 Nge7 15. Rxe4 Bxb2 16. Bc3
Bxa1 17. Bxa1 O-O 18. Nd4 Rae8 19. Ne6 Rf7 20. Bc3 b5 21. Qd3 bxc4 22. Qxc4 c5
23. dxc6 Qxc6 24. Qd3 d5 25. Re5 Rf6 26. Nf4 Rd6 27. Re1 Qa4 28. Qd2 Rc8 29.
Be5 Rd7 30. Nc3 Qa5 31. g4 d4 32. gxf5 Rxc3 33. Re2 Nxf5 34. Nxg6 Qb6 35. Nf4
Nh4 36. Qd1 Qc6 37. Re3 Rc1 38. Rg3+ Kh7 39. Qf1 Rb7 40. Bxd4 {# in -4} Qh1+ {
# in 4} 41. Kxh1 Rxf1+ 42. Rg1 Rxg1+ 43. Kxg1 Rb1# {19:05 - 16:06} 0-1

[Event "30/move"]
[Site "?"]
[Date "2006.03.31"]
[Round "3"]
[White "Mephisto Milano Pro"]
[Black "Mephisto Milano"]
[Result "1-0"]
[WhiteElo "2124"]
[BlackElo "2010"]
[PlyCount "105"]
[EventDate "2006.03.31"]
[EventType "tourn (rapid)"]
[EventRounds "20"]
[EventCountry "NED"]
[SourceDate "2006.03.12"]

1. e4 c6 2. c4 d5 3. cxd5 cxd5 4. exd5 Qxd5 5. d4 {Milano Pro letzter Buchzug}
Nf6 6. Nc3 Qd6 7. Nf3 e6 8. Bd3 {Milano letzter Buchzug} Be7 ({RR} 8... a6 9.
O-O Be7 10. a3 O-O 11. Qe2 Nc6 12. Be3 b5 13. Ne4 Nxe4 14. Bxe4 Bb7 15. Rac1
Rac8 16. b4 f5 17. Bb1 Nb8 18. Bf4 Bxf3 19. gxf3 Qd7 20. Ba2 Rf6 21. Rxc8+ Qxc8
22. Rc1 Rg6+ 23. Kf1 {Horvath,J-Wegerle,J/Deizisau 2001/CBM 81 ext/1-0}) ({RR} 
8... Bd7 9. O-O Nc6 10. Bg5 Nb4 11. Bc4 Nbd5 12. Ne5 Nxc3 13. bxc3 Be7 14. Qb3
Bc6 15. Rfe1 Nd5 16. Bxe7 Kxe7 17. Bxd5 Qxd5 18. Qb4+ Ke8 19. Nxc6 Qxc6 20. d5
Qxd5 21. Rad1 a5 22. Qg4 Qc6 23. Qxg7 {
Vojtek,V-Gruca,M/Tatranske Zruby 2003/CBM 96 ext/1-0 (55)}) 9. Nb5 $146 ({RR} 
9. Bg5 O-O 10. O-O Nc6 11. Nb5 Qd8 12. Ne5 Bd7 13. Qf3 h6 14. Be3 Nb4 15. Bc4
Bxb5 16. Bxb5 Qb6 17. Bc4 Nbd5 18. Qg3 Ne4 19. Qf3 Nxe3 20. Qxe3 Nf6 21. Rad1
Rad8 22. Bb3 Nd5 23. Qf3 Nf6 {
Nachon Menendez,G-Lopez Rodriguez,H/Asturias 1997/EXT 2001/1/2-1/2}) ({RR} 9.
Ne5 Nc6 10. Nxc6 bxc6 11. Be3 O-O 12. O-O Rd8 13. Qf3 e5 14. dxe5 Qxe5 15. Bf4
Qd4 16. Rfd1 Bg4 17. Bxh7+ Kxh7 18. Rxd4 Bxf3 19. Rxd8 Rxd8 20. gxf3 Nd5 21.
Nxd5 cxd5 22. Rc1 Rd7 23. Rc7 Rxc7 {
Andersen,M-Hansen,C/Denmark 1980/EXT 98/1/2-1/2 (39)}) 9... Qb6 10. Be3 Bd7 11.
Qb3 Nc6 12. Rc1 Bb4+ 13. Nc3 O-O 14. d5 Na5 15. Qc2 Qd6 16. dxe6 Bxe6 17. O-O
Nc4 18. Bd4 Qe7 19. Bxf6 gxf6 20. Rfe1 Bxc3 21. bxc3 Na3 22. Bxh7+ Kg7 23. Qa4
Kxh7 24. Qh4+ Kg7 25. Qg3+ Kh8 26. Re4 f5 27. Rh4+ Qxh4 28. Qxh4+ Kg7 29. Qg5+
Kh8 30. Nd4 Rfe8 31. c4 f4 32. Qxf4 Bd7 {Milano gibt auf} 33. Qxf7 Rad8 34.
Qf6+ Kg8 35. Qg5+ Kh8 36. Qh4+ Kg8 37. Qg3+ Kh8 38. Qxa3 Bc8 39. Nb5 Bg4 40.
Nd6 Re7 41. Qg3 Rdd7 42. Qh4+ Rh7 43. Qxg4 Rdg7 44. Qd4 Kg8 45. Qd5+ Kh8 46.
Re1 Re7 47. Qd4+ Kg8 48. Re5 Rxe5 49. Qxe5 Rxh2 50. Qg5+ {# in 4} Kf8 {# in -3}
51. Qf6+ Kg8 52. Qg6+ Kh8 53. Nf7# {20:53 - 24:38} 1-0